000 00869nam a22002297a 4500
999 _c12757
_d12757
003 AR-CdUCM
008 190410b ||||| |||| 00| 0 spa d
040 _aMUNICIPALIDAD PROVINCIAL DEL CUSCO
_cBIBLIOTECA MUNICIPAL DEL CUSCO
041 _hdan
082 _a828.75 /
_bB81 / 1932
100 _aBrandes, Jorge
_922698
245 _aLord Byron /
260 _aBuenos Aires :
_bTor,
_c1932.
300 _a142 páginas ;
_c18 cm.
440 _aEdiciones Argentinas "Condor". Las grandes bibliotecas Contemporáneas.
_n5
_930799
505 _aContenido: Nacimiento y primeras luchas -- La personalidad apasionada -- Autoanálisis -- La espiritualidad rebelde -- Realismo trágico y cómico ...
650 _aPoetas ingleses
_911012
650 _aBiografía
_922
700 _aLiebrmann, José (traducción)
_930800
942 _2ddc
_cLIBROS
945 _aachl
_d2019-04-10